Téllez: zona de turbulencias

Salvato in:
Dettagli Bibliografici
Natura: Libro
Lingua:spagnolo
inglese
Pubblicazione: Santiago Ograma 1990
Soggetti:
Tags: Aggiungi Tag
Nessun Tag, puoi essere il primo ad aggiungerne!!

MARC

LEADER 00000nam a2200000 a 4500
001 UCM8889
003 CL-VaPUC
008 030404e19900000cl |||||||||||||||||spa|d
041 0 7 |a spa  |2 CL-VaPUC 
041 0 7 |a eng  |2 CL-VaPUC 
082 0 4 |a 759.983  |b TEL  |2 21 
245 1 0 |a Téllez: zona de turbulencias 
246 1 0 |a Tellez: zone of turbulences 
300 |a 23 p 
942 |c BK 
945 |d 20030404 00:00:00  |a cmena 
260 |a Santiago  |b Ograma  |c 1990 
600 0 7 |a TELLEZ, EUGENIO  |2 CL-VaPUC  |9 475175 
650 0 |a Pintura chilena  |9 266171 
650 0 |a Pintores chilenos Siglo 20  |9 314455 
583 |a last modification  |c 20171130 01:27:33  |k Rodrigo Vera 
999 |c 303305  |d 303303 
952 |0 0  |1 0  |4 0  |6 759_983000000000000_TEL_1990  |7 0  |8 R  |9 364512  |a BIBART  |b BIBART  |d 2019-11-21  |i 3889173  |l 3  |m 1  |o 759.983 TEL 1990  |p 3889173  |r 2025-03-13  |s 2023-10-11  |w 2019-11-21  |y BK_R  |k ART